Quantitative and dynamic plant ecology (Record no. 7820)

MARC details
000 -LEADER
fixed length control field 00450nam a22001697a 4500
003 - CONTROL NUMBER IDENTIFIER
control field OSt
005 - DATE AND TIME OF LATEST TRANSACTION
control field 20210930092428.0
008 - FIXED-LENGTH DATA ELEMENTS--GENERAL INFORMATION
fixed length control field 210930b |||||||| |||| 00| 0 eng d
020 ## - INTERNATIONAL STANDARD BOOK NUMBER
International Standard Book Number 0 7131 24 50 4
040 ## - CATALOGING SOURCE
Transcribing agency Hawassa university
050 ## - LIBRARY OF CONGRESS CALL NUMBER
Classification number 581/KER
Item number 1
082 ## - DEWEY DECIMAL CLASSIFICATION NUMBER
Edition number Seconde edition
Classification number 581/KER
Item number 1
100 ## - MAIN ENTRY--PERSONAL NAME
Personal name Kershaw kenneth a.
9 (RLIN) 8378
245 ## - TITLE STATEMENT
Title Quantitative and dynamic plant ecology
260 ## - PUBLICATION, DISTRIBUTION, ETC.
Name of publisher, distributor, etc. Edward arnold
Date of publication, distribution, etc. 1973
942 ## - ADDED ENTRY ELEMENTS (KOHA)
Source of classification or shelving scheme Dewey Decimal Classification
Koha item type Books like text book referance book
Suppress in OPAC No
Holdings
Withdrawn status Lost status Source of classification or shelving scheme Damaged status Not for loan Home library Current library Date acquired Total Checkouts Full call number Barcode Date last seen Copy number Price effective from Koha item type
    Dewey Decimal Classification     College of Agriculture Library College of Agriculture Library 09/30/2021   581/KER ALIB0008951 09/30/2021 C 4 09/30/2021 Books like text book referance book